| 000 | 00976nmc a2200373 a 4500 | ||
|---|---|---|---|
| 003 | AR-BaBNM | ||
| 005 | 20251128205402.0 | ||
| 008 | 267019s1984 ||||||||||||||000 | spa|| | ||
| 020 | _a84-276-0679-6 | ||
| 040 | _cAR-BaBNM | ||
| 245 | 1 | 0 | _aRomancero chino |
| 260 |
_aMadrid _bEditora Nacional _c1984 |
||
| 300 | 0 | _a507 p. | |
| 490 | 0 |
_aBiblioteca de la literatura y el pensamiento universales _vv. 55 |
|
| 500 | 0 | _aContiene índice de las odas en p. 495 | |
| 650 | 4 | _aLITERATURA CLASICA | |
| 650 | 4 | _aANTOLOGIAS | |
| 650 | 4 | _aLITERATURA CHINA | |
| 650 | 4 | _aARTE ANTIGUO | |
| 650 | 4 | _aFILOSOFIA | |
| 650 | 4 | _aCOSTUMBRES Y TRADICIONES | |
| 650 | 4 | _aRELIGION | |
| 650 | 4 | _aTRADICION ORAL | |
| 650 | 4 | _aHISTORIA LITERARIA | |
| 650 | 4 | _aETICA | |
| 650 | 4 | _aLEYENDAS | |
| 650 | 4 | _aFILOSOFIA LITERARIA | |
| 653 | 0 | _aROMANCERO | |
| 653 | 0 | _aEPICA | |
| 655 | _aLITERATURA | ||
| 700 | 1 |
_aElorduy, Carmelo _etraductor |
|
| 942 | _cBK | ||
| 998 | _cMARTIN | ||
| 999 |
_c11203 _d11203 |
||